<?xml version="1.0" encoding="UTF-8"?>
<record
    xmlns:xsi="http://www.w3.org/2001/XMLSchema-instance"
    xsi:schemaLocation="http://www.loc.gov/MARC21/slim http://www.loc.gov/standards/marcxml/schema/MARC21slim.xsd"
    xmlns="http://www.loc.gov/MARC21/slim">

  <leader>02223nam a2200229 a 4500</leader>
  <controlfield tag="001">16603820</controlfield>
  <controlfield tag="008">161118s2012    ||||||||||||||||| ||    u</controlfield>
  <datafield tag="010" ind1=" " ind2=" ">
    <subfield code="a">2010054158</subfield>
  </datafield>
  <datafield tag="020" ind1=" " ind2=" ">
    <subfield code="a">9781412980203 </subfield>
  </datafield>
  <datafield tag="050" ind1=" " ind2=" ">
    <subfield code="a">HD 57.7 Nat </subfield>
  </datafield>
  <datafield tag="100" ind1=" " ind2=" ">
    <subfield code="a">Day, David V</subfield>
  </datafield>
  <datafield tag="245" ind1="1" ind2="4">
    <subfield code="a">The nature of leadership. (2nd ed.)</subfield>
    <subfield code="c">Edited by David V. Day, John Antonakis.</subfield>
  </datafield>
  <datafield tag="250" ind1=" " ind2=" ">
    <subfield code="a">2nd ed.</subfield>
  </datafield>
  <datafield tag="260" ind1=" " ind2=" ">
    <subfield code="a">Los Angeles</subfield>
    <subfield code="b">SAGE Publications</subfield>
    <subfield code="c">2012</subfield>
  </datafield>
  <datafield tag="300" ind1=" " ind2=" ">
    <subfield code="a">ix, 597 p. : ill. </subfield>
  </datafield>
  <datafield tag="350" ind1=" " ind2=" ">
    <subfield code="a">107.00</subfield>
  </datafield>
  <datafield tag="500" ind1=" " ind2=" ">
    <subfield code="a">Includes bibliographical references and indexes.</subfield>
  </datafield>
  <datafield tag="505" ind1=" " ind2=" ">
    <subfield code="a">Leadership : past, present, and future / David V. Day &amp; John Antonakis -- Leadership : science, nature, and nurture -- Aggregation processes and levels of analysis as organizing structures for leadership theory / Robert G. Lord &amp; Jessica E. Dinh -- Advances in leadership research methods / Michael J. Zyphur, Adam P. Barsky, &amp; Zhen Zhang -- The nature of leadership development / David V. Day -- The nature in leadership : evolutionary, biological, and social neuroscience perspectives / Mark Van Vugt -- The major schools of leadership -- Individual differences in leadership / Timothy A. Judge &amp; David M. Long -- Contingencies, context, situation, and leadership / Roya Ayman &amp; Susan Adams -- Transformational and charismatic leadership / John Antonakis -- The nature of relational leadership : a multi-theoretical lens on leadership relationships and processes / Mary Uhl-Bien, John Maslyn, &amp; Sonia Ospina -- In the minds of followers : follower-centric approaches to leadership / Douglas J. Brown -- The nature of shared leadership / Christina L. Wassenaar &amp; Craig L. Pearce -- Leadership and special domains -- Leadership and culture / Deanne N. Den Hartog &amp; Marcus W. Dickson -- Leadership and gender / Linda L. Carli &amp; Alice H. Eagly -- Leadership and identity / Daan van Knippenberg -- Ethics effectiveness : the nature of good leadership / Joanne B. Ciulla -- Conclusions -- The crucibles of authentic leadership / Warren Bennis.</subfield>
  </datafield>
  <datafield tag="650" ind1=" " ind2="0">
    <subfield code="a">LEADERSHIP</subfield>
  </datafield>
  <datafield tag="700" ind1=" " ind2=" ">
    <subfield code="a">Antonakis, John</subfield>
  </datafield>
  <datafield tag="995" ind1=" " ind2=" ">
    <subfield code="D">107.00</subfield>
    <subfield code="F">CBU-MAIN LIBRARY (Kitwe)</subfield>
    <subfield code="M">1</subfield>
    <subfield code="U">AVAILABLE</subfield>
    <subfield code="W">Nov 18, 2016</subfield>
    <subfield code="Z">Main Library Open Access Collection</subfield>
  </datafield>
  <datafield tag="999" ind1=" " ind2=" ">
    <subfield code="c">52007</subfield>
    <subfield code="d">52007</subfield>
  </datafield>
  <datafield tag="952" ind1=" " ind2=" ">
    <subfield code="0">0</subfield>
    <subfield code="1">0</subfield>
    <subfield code="2">lcc</subfield>
    <subfield code="4">0</subfield>
    <subfield code="7">0</subfield>
    <subfield code="a">001</subfield>
    <subfield code="b">001</subfield>
    <subfield code="c">Main Library Open Access Collection</subfield>
    <subfield code="d">2022-11-30</subfield>
    <subfield code="l">0</subfield>
    <subfield code="o">HD 57.7 Nat </subfield>
    <subfield code="p">747074</subfield>
    <subfield code="r">2022-11-30</subfield>
    <subfield code="w">2022-11-30</subfield>
    <subfield code="y">002</subfield>
  </datafield>
</record>
